Roman yurttaşlarımıza sözümüz var!/ (Record no. 14765)
[ view plain ]
| 000 -BAŞLIK | |
|---|---|
| Sabit Uzunlukta Kontrol Alanı | 01046nam a22002897a 4500 |
| 999 ## - SİSTEM KONTROL NUMARALARI (KOHA) | |
| Koha Biblionumber | 14765 |
| Koha Biblioitemnumber | 14765 |
| 003 - KONTROL NUMARASI IDENTIFIER | |
| Denetim Alanı | MIRAKIL |
| 005 - SON İŞLEM TARİHİ VE ZAMANI | |
| Denetim Alanı | 20220120164039.0 |
| 008 - SABİT-BOY VERİ ELEMANLARI - GENEL BİLGİLER | |
| Sabit Uzunlukta Kontrol Alanı | 220120b tu ||||| |||| 00| 0 tur d |
| 040 ## - KATALOGLAMA KAYNAK | |
| Orijinal Kataloglama Ajansı | TR-AnCHP |
| Kataloglama Dili | tur |
| Metne Dönüştürmek Ajansı | TR-AnCHP |
| 041 ## - DİL KODU | |
| Metin / Ses Parça Veya Ayrı Başlığın Dil Kodu | tur |
| 082 ## - DEWEY ONLU SINIFLANDIRMA NUMARASI | |
| Sınıflandırma Numarası | BROŞÜR 584 |
| 090 ## - SINIFLAMA NUMARASI | |
| Sınıflama Numarası | Broşür 584 |
| 245 ## - BAŞLIK TABLOSU | |
| Başlık | Roman yurttaşlarımıza sözümüz var!/ |
| Sorumluluk Tablosu, Vb | Cumhuriyet Halk Partisi |
| 260 ## - YAYIN, DAĞITIM, VB | |
| Yayın, Dağıtım, Vb Yeri | Ankara: |
| Yayıncı, Dağıtıcı, Vs Adı | CHP, |
| Yayın, Dağıtım, Vb Tarihi | 2021. |
| 300 ## - FİZİKSEL TANIM | |
| Kapsam | 15 s.: |
| Diğer Fiziksel Ayrıntıları | res. |
| Boyutlar | 24 sm. |
| 440 ## - SERİSİ TABLOSU / KATMA GİRİŞİ - BAŞLIK | |
| Başlık | Cumhuriyet Halk Partisi yayınları |
| 500 ## - GENEL NOT | |
| Genel Not | Kapakta: Biz Roman'ız yaşam bizim içimizde biz yaşamın içindeyiz. |
| 610 ## - KONU KATMA GİRİŞ - TOPLANTI ADI | |
| Giriş Elemanı Olarak Kurumsal Ad Veya Yargı Alanı Adı | CHP |
| Genel Alt Bölüm | Azınlıklar |
| -- | Romanlar |
| Kronolojik Alt Bölüm | Çözüm önerileri |
| 610 ## - KONU KATMA GİRİŞ - TOPLANTI ADI | |
| Giriş Elemanı Olarak Kurumsal Ad Veya Yargı Alanı Adı | CHP |
| Genel Alt Bölüm | İnsan hakları |
| Kronolojik Alt Bölüm | Çözüm önerileri |
| 610 ## - KONU KATMA GİRİŞ - TOPLANTI ADI | |
| Giriş Elemanı Olarak Kurumsal Ad Veya Yargı Alanı Adı | CHP |
| Genel Alt Bölüm | Çözüm paketleri |
| Kronolojik Alt Bölüm | Azınlıklar |
| 650 ## - KONU KATMA GİRİŞ - TOPİKAL DÖNEM | |
| Topikal Süreli Veya Coğrafi Ad Giriş Elemanı | Romanlar |
| Genel Alt Bölümü | Sosyo ekonomik durum |
| Coğrafi Alt Bölümü | Türkiye |
| 650 ## - KONU KATMA GİRİŞ - TOPİKAL DÖNEM | |
| Topikal Süreli Veya Coğrafi Ad Giriş Elemanı | İnsan hakları |
| Genel Alt Bölümü | Azınlıklar |
| Coğrafi Alt Bölümü | Türkiye |
| 830 ## - SERİSİ EKLENDİ GİRİŞ - ÜNİFORM ADI | |
| Üniforma Başlık | CHP yayınları |
| 856 ## - ELEKTRONİK YER VE ERİŞİM | |
| Kamu Notu | Dijital Nüshası için Partimizin Kütüphane Sorumlusu ile iletişime geçiniz. |
| 942 ## - EKLENDİ GİRİŞ ELEMANLARI (KOHA) | |
| Koha Öğesi Türü | Visual Material |
| Sınıflandırma Veya Raf Düzeni Kaynak | Dewey Decimal Classification |
| Kalıcı Konum | Mevcut Konum | Edinme Tarihi | Toplam Check-Out'Lar | Tam Çağrı Numarası | Barkod | Tarih Son Görülme | İtibaren Geçerli Fiyatlar | Koha Öğesi Türü |
|---|---|---|---|---|---|---|---|---|
| CHP Kütüphanesi | CHP Kütüphanesi | 01/20/2022 | BROŞÜR 584 | 020261 | 01/20/2022 | 01/20/2022 | Visual Material |
